000 002510000a22000970004500
090 _aAR
_b01482
245 1 0 _aPteridophyta of peru part V
_s18. aspleniaceae-21 Polypodiaceae
041 0 _aInglés
942 _cARTICULO
773 1 _tFieldiana
_h32
_q1-55
_d1993
999 _c13145
_d13145